Dynamic motion and time study / (Record no. 76653)
[ view plain ]
| 000 -LEADER | |
|---|---|
| fixed length control field | 00884cam a22002891 4500 |
| 001 - CONTROL NUMBER | |
| control field | 76653 |
| 003 - CONTROL NUMBER IDENTIFIER | |
| rucl marc code | BD-RjUL |
| 005 - DATE AND TIME OF LATEST TRANSACTION | |
| control field | 20211209082853.0 |
| 008 - FIXED-LENGTH DATA ELEMENTS--GENERAL INFORMATION | |
| fixed length control field | 191230s1947 enka 000 0 eng |
| 035 ## - SYSTEM CONTROL NUMBER | |
| System control number | (BD-RjUL)76877 |
| System control number | (OCoLC)1679204 |
| 040 ## - CATALOGING SOURCE | |
| Original cataloging agency | DLC |
| Transcribing agency | FMU |
| Modifying agency | DLC |
| Language of cataloging | eng |
| 041 ## - LANGUAGE CODE | |
| Language code of text/sound track or separate title | eng |
| 042 ## - AUTHENTICATION CODE | |
| Authentication code | premarc |
| 082 ## - DEWEY DECIMAL CLASSIFICATION NUMBER | |
| Classification number | 358.542 |
| Edition number | 23 |
| Author mark and year | GID 1947 |
| 100 1# - MAIN ENTRY--PERSONAL NAME | |
| Personal name | Gillespie, James J. |
| 9 (RLIN) | 237159 |
| 245 10 - TITLE STATEMENT | |
| Title | Dynamic motion and time study / |
| Statement of responsibility, etc. | by James J. Gillespie, assisted by Charles H. J. Cooper. With an appreciation by R. E. Lane. |
| 260 ## - PUBLICATION, DISTRIBUTION, ETC. (IMPRINT) | |
| Place of publication, distribution, etc. | London, |
| Name of publisher, distributor, etc. | P. Elek |
| Date of publication, distribution, etc. | [1947] |
| 300 ## - PHYSICAL DESCRIPTION | |
| Pagination | 95 p. : |
| Illustrations | illus.; |
| Size | 22 cm. |
| 500 ## - GENERAL NOTE | |
| General note | "Book references": p. 94. |
| 650 #0 - SUBJECT ADDED ENTRY--TOPICAL TERM | |
| Topical term or geographic name as entry element | Job analysis. |
| 9 (RLIN) | 237160 |
| 700 1# - ADDED ENTRY--PERSONAL NAME | |
| Personal name | Cooper, Charles H. J. |
| 906 ## - LOCAL DATA ELEMENT F, LDF (RLIN) | |
| a | 7 |
| b | cbc |
| c | oclcrpl |
| d | u |
| e | ncip |
| f | 19 |
| g | y-gencatlg |
| 942 ## - ADDED ENTRY ELEMENTS (KOHA) | |
| Source of classification or shelving scheme | Dewey Decimal Classification |
| Koha item type | Books |
| Lost status | Source of classification or shelving scheme | Damaged status | Not for loan | Collection code | Permanent Location | Current Location | Shelving location | Date acquired | Cost, normal purchase price | Total Checkouts | Full call number | Date last seen | Copy number | Koha item type |
|---|---|---|---|---|---|---|---|---|---|---|---|---|---|---|
| Dewey Decimal Classification | Not For Loan | Non-fiction | Central Library, University of Rajshahi | Central Library, University of Rajshahi | Reading Room | 26/05/1956 | 3.00 | 658.306 GID 1947 | 30/12/2019 | C-1 | Books |